Anagrammes - Vocabulaire - Série 07 - Statistiques

Statistiques générales
  • Ce quiz a été pris 113 fois
  • Le résultat moyen est 9 sur 13
Statistiques - réponses
Indice Anagramme Mot % Correct
abeille CRIE cire
99%
pays DENI inde
96%
demeure DESIRE reside
94%
défilé DEPARA parade
91%
milieu NIES sein
82%
éprouver RESTREINS ressentir
74%
monnaie LIER riel
70%
répéter RESINER seriner
53%
oiseau RIDEE eider
51%
cuve CINTREE citerne
46%
café ESSARTER terrasse
40%
humaine ENTERINER terrienne
35%
justesse REACTIVE veracite
29%
Aucun quiz correspondant
Distribution des résultats
% des personnes avec chaque résultat
Percentile par nombre de réponses
Votre historique - résultats
Vous n’avez pas pris ce quiz